000
00237nam a2200085Ia 4500
008
220204s9999 xx 000 0 und d
245
0
_a
Applications of electronics in agricultural field investigations
260
_a
Cochin
_c
1998
942
_c
BK
999
_c
43854
_d
43854